00254nam a2200109Ia 4500008004100000100002300041245002500064260001700089260000900106546001200115999001700127170619s9999 xx 000 0 und d aPressman- Roger S. 0aSoftware Engineering bMc Graw Hill c2005 aENGLISH c17563d17563